Estadísticas para Top 4 Posiciones en la Copa Mundial Femenina de la FIFA

Haz click aquí para intentar la prueba.

Estadísticas generales

  • Esta prueba ha sido intentada 102 veces
  • La puntuación promedio es 9 de 11

Estadísticas de respuestas

Respuesta% Correcto
Estados Unidos
97%
Alemania
92%
Japón
91%
Francia
89%
Brasil
88%
Canadá
84%
Suecia
83%
Inglaterra
82%
China
78%
Noruega
75%
Países Bajos
67%

Distribución de puntuación

Porcentaje por número respondido

Porcentaje de gente con cada puntuación

Historial de tus puntuaciones

No has intentado esta prueba.